Statistiques concernant Corée du Nord ou Corée du Sud

Cliquez ici pour prendre le quiz!

Statistiques générales

  • Ce quiz a été pris 403 fois
  • Le résultat moyen est 7 sur 10

Statistiques - réponses

QuestionRéponse% Correct
Celui étant le plus peupléCorée du Sud
97%
Celui ayant la plus grande villeCorée du Sud
94%
Celui ayant la plus grande densité de populationCorée du Sud
93%
Celui ayant la plus grande capitaleCorée du Sud
85%
Celui ayant eu son indépendance de l'URSSCorée du Nord
77%
Celui étant le plus proche de la FranceCorée du Nord
73%
Celui étant le plus grandCorée du Nord
67%
Celui étant le plus proche du PakistanCorée du Nord
47%
Celui étant le plus vieuxCorée du Sud
43%
Celui étant le pays d'Asie du Sud-Est avec le taux de fécondité le plus faibleCorée du Sud
37%

Distribution des résultats

Percentile par nombre de réponses

% des personnes avec chaque résultat

Votre développement - résultats

Vous n’avez pas pris ce quiz